[Event "ROM-ch U10"]
[Site "Calimanesti Caciulata"]
[Date "2019.04.21"]
[Round "8"]
[White "Tilea, Robert Stefan"]
[Black "Kumar, Amrit Darius"]
[Result "1/2-1/2"]
[WhiteElo "1001"]
[BlackElo "1049"]
[PlyCount "40"]
[EventDate "2019.04.15"]
[EventType "swiss"]
[EventRounds "9"]
[EventCountry "ROU"]
[SourceTitle "CBM 190 Extra"]
[Source "ChessBase"]
[SourceDate "2019.07.15"]
[SourceVersion "1"]
[SourceVersionDate "2019.07.15"]
[SourceQuality "1"]

1. e4 e5 2. Nf3 Nc6 3. Nc3 Bc5 4. Bc4 Nf6 5. d3 h6 6. 0-0 0-0 7. Be3 Bxe3 8. fxe3 d6 9. h3 a6 10. d4 b5 11. Bd5 Nxd5 12. Nxd5 Be6 13. Nc3 b4 14. Na4 Bd7 15. b3 f5 16. exf5 Rxf5 17. dxe5 Nxe5 18. Nxe5 Rxf1+ 19. Qxf1 dxe5 20. Nc5 Bb5 1/2-1/2